000 00647cam a2200229 4500500
005 20260405002643.0
041 _afre
042 _adc
100 1 0 _aReinhardt, Éric
_eauthor
245 0 0 _aPaul Ricœur vu par Michaël Fœssel
260 _c2018.
500 _a5
690 _aAffect
690 _aIdentité
690 _aMal
690 _aMémoire
690 _aMichaël Fœssel
690 _aNarration
690 _aPaul Ricœur
786 0 _nPhilosophie magazine | 116 | 2 | 2018-02-01 | p. 38-38 | 1951-1787
856 4 1 _uhttps://shs.cairn.info/magazine-philosophie-magazine-2018-2-page-38?lang=fr&redirect-ssocas=7080
999 _c2059730
_d2059730